Statistics for Restaurant names with every other letter.

Click here to take the quiz!

General Stats

  • This quiz has been taken 8 times
  • The average score is 7 of 15

Answer Stats

HintAnswer% Correct
CIFLChik-Fil-A
83%
MDNLSMcDonalds
83%
APEESApplebee's
67%
ABSArby's
67%
BREKNBurger King
67%
WNDSWendy's
67%
DNIDNTDunkin' Donuts
50%
KNUKKFC
50%
OIEADNOlive Garden
33%
PNRPanera
33%
SABCSStarbucks
33%
TCBLTaco Bell
33%
WIEATEWhite Castle
33%
CLESCulver's
17%
DIYUEDairy Queen
0%

Score Distribution

Percentile by Number Answered

Percent of People with Each Score

Your Score History

You have not taken this quiz